000 00493nam a2200181Ia 4500
005 20250508152301.0
008 008 250505s9999 xx 000 0 eng d
037 _aTextual
040 _aFEDL
_beng
_cFEDL
041 _aeng
_2eng
084 _a917.3, BAN
_qFEDL
100 _aBanta Richard E
_9761154
245 0 _aLife in America: The south
260 _aMichigan
_bThe Fideler Company
_c1955
300 _a160p.
942 _cTEXL
_h917.3, BAN
999 _c1335494
_d1335494